Ökonomenlexikon

Saved in:
Bibliographic Details
Other Authors: Krause, Werner
Format: Book
Language:German
Published: Berlin Dietz 1989
Edition:1. Aufl.
Tags: Add Tag
No Tags, Be the first to tag this record!

MARC

LEADER 00000nam a2200000 4500
001 c035196
005 20250530131442.6
041 0 |a ger 
044 |a DE 
245 1 0 |a Ökonomenlexikon  |c Red. Werner Krause 
250 |a 1. Aufl. 
264 1 |a Berlin  |b Dietz  |c 1989 
300 |a 627 s. 
700 1 |a Krause, Werner